[Event "Toronto op U1600"]
[White "Mourgelas, James"]
[Black "Kurkowski, Ken"]
[Site "Toronto"]
[Round "5"]
[Result "1-0"]
[Date "2014.04.20"]
[WhiteElo "1350"]
[BlackElo "1479"]
[PlyCount "45"]
[EventDate "2014.04.18"]
[EventType "swiss"]
[EventRounds "6"]
[EventCountry "CAN"]
[SourceTitle "EXT 2022"]
[Source "ChessBase"]
[SourceDate "2021.10.06"]
[SourceVersion "1"]
[SourceVersionDate "2021.10.06"]
[SourceQuality "1"]

1. d4 e6 2. c4 Bb4+ 3. Bd2 Bxd2+ 4. Qxd2 Nf6 5. Nc3 d5 6. e3 0-0 7. Nf3 b6 8. Rc1 Bb7 9. cxd5 exd5 10. Bd3 Nbd7 11. Qc2 c5 12. 0-0 Rc8 13. Qb1 Qe7 14. Bf5 Rfe8 15. Ne5 g6 16. Bh3 Rcd8 17. Nf3 Ne4 18. Rfd1 Ndf6 19. Ne5 Nxc3 20. bxc3 Ne4 21. Qb5 Qh4 22. Rc2 Rd6 23. Qxe8+ 1-0

[Event "Canadian op 48th U2000"]
[White "Mourgelas, James"]
[Black "Sly, Douglas"]
[Site "Toronto"]
[Round "9"]
[Result "1-0"]
[Date "2011.07.17"]
[WhiteElo "1480"]
[BlackElo "1545"]
[PlyCount "57"]
[EventDate "2011.07.09"]
[EventType "swiss"]
[EventRounds "9"]
[EventCountry "CAN"]
[SourceTitle "EXT 2022"]
[Source "ChessBase"]
[SourceDate "2021.10.06"]
[SourceVersion "1"]
[SourceVersionDate "2021.10.06"]
[SourceQuality "1"]

1. e4 e6 2. d4 d5 3. e5 c5 4. Nf3 Nc6 5. Be3 cxd4 6. Bxd4 Nxd4 7. Qxd4 Ne7 8. Bd3 Nc6 9. Bb5 Bd7 10. Bxc6 bxc6 11. 0-0 Be7 12. Nc3 0-0 13. Ne2 c5 14. Qd2 Bb5 15. Rfe1 Rb8 16. c3 Rb7 17. Rad1 Qc7 18. Ng3 Rfb8 19. b3 a5 20. Nh5 Ba6 21. Qf4 Kh8 22. Qxf7 Bf8 23. Qxe6 Qf7 24. Qxf7 Rxf7 25. Rxd5 Rf5 26. Ng3 Rf7 27. e6 Bb7 28. exf7 Bxd5 29. Re8 1-0

[Event "Scarborough CC LH Summer U1700"]
[White "Mourgelas, James"]
[Black "Aghamalian, Derick"]
[Site "Toronto"]
[Round "2"]
[Result "1-0"]
[Date "2010.05.13"]
[WhiteElo "1466"]
[BlackElo "1320"]
[PlyCount "104"]
[EventDate "2010.04.29"]
[EventType "swiss"]
[EventRounds "8"]
[EventCountry "CAN"]
[SourceTitle "EXT 2022"]
[Source "ChessBase"]
[SourceDate "2021.10.06"]
[SourceVersion "1"]
[SourceVersionDate "2021.10.06"]
[SourceQuality "1"]

1. e4 e5 2. Nf3 Nc6 3. Bc4 Bc5 4. c3 Qe7 5. 0-0 Nf6 6. d3 d6 7. h3 h6 8. Re1 Be6 9. Nbd2 0-0 10. Bxe6 Qxe6 11. Nf1 Nd7 12. Ng3 Qg6 13. Be3 Rfe8 14. Nh4 Qe6 15. Nhf5 Ne7 16. Nxe7+ Qxe7 17. Nf5 Qf6 18. Bxc5 Nxc5 19. Re3 Rad8 20. Rg3 Ne6 21. Qd2 Kh7 22. Rf3 Qg5 23. Qxg5 Nxg5 24. Rg3 Ne6 25. Re1 g6 26. Ne3 c6 27. Ng4 Kg7 28. Kh2 h5 29. Ne3 Nf4 30. Nf1 Re6 31. Rf3 Rf6 32. Kg1 Ne6 33. Rxf6 Kxf6 34. h4 Nf4 35. Re3 d5 36. g3 Ne6 37. exd5 Rxd5 38. Nd2 Nc5 39. c4 Rd4 40. b4 Nxd3 41. Ne4+ Kf5 42. Ng5 f6 43. Rf3+ Kg4 44. Rxf6 Rxc4 45. Kg2 e4 46. Nh3 Rxb4 47. Nf4 Ne5 48. Nd5 g5 49. Nxb4 gxh4 50. Rf4+ Kg5 51. Rxe4 Ng4 52. gxh4+ Kf5 1-0

[Event "Scarborough CC-ch Reserves U1700"]
[White "Aghamalian, Derick"]
[Black "Mourgelas, James"]
[Site "Toronto"]
[Round "8"]
[Result "1/2-1/2"]
[Date "2010.04.15"]
[WhiteElo "1353"]
[BlackElo "1596"]
[PlyCount "70"]
[EventDate "2010.02.25"]
[EventType "swiss"]
[EventRounds "9"]
[EventCountry "CAN"]
[SourceTitle "EXT 2022"]
[Source "ChessBase"]
[SourceDate "2021.10.06"]
[SourceVersion "1"]
[SourceVersionDate "2021.10.06"]
[SourceQuality "1"]

1. e4 e5 2. Nf3 Nc6 3. Bc4 Bc5 4. c3 Nf6 5. d4 exd4 6. cxd4 Bb4+ 7. Bd2 Nxe4 8. Bxb4 Nxb4 9. Bxf7+ Kxf7 10. Qb3+ d5 11. Ne5+ Ke8 12. Qxb4 Rf8 13. Nf3 b6 14. Qb5+ Qd7 15. Qb3 Ba6 16. Nc3 Bc4 17. Qc2 Nxc3 18. Qxc3 Qe6+ 19. Qe3 Qxe3+ 20. fxe3 Ke7 21. Rc1 Kd6 22. Ne5 Bb5 23. b3 Rf6 24. a4 Bd7 25. Ke2 Raf8 26. Rhf1 Rxf1 27. Rxf1 Rxf1 28. Kxf1 Bf5 29. b4 a6 30. Ke2 Bd7 31. Nxd7 Kxd7 32. Kd3 Ke6 33. e4 dxe4+ 34. Kxe4 g6 35. g4 Kd6 1/2-1/2

[Event "Scarborough CC-ch Reserves U1700"]
[White "Yie, Kevin Yi Xiao"]
[Black "Mourgelas, James"]
[Site "Toronto"]
[Round "4"]
[Result "1/2-1/2"]
[Date "2010.03.18"]
[WhiteElo "1176"]
[BlackElo "1596"]
[PlyCount "66"]
[EventDate "2010.02.25"]
[EventType "swiss"]
[EventRounds "9"]
[EventCountry "CAN"]
[SourceTitle "EXT 2022"]
[Source "ChessBase"]
[SourceDate "2021.10.06"]
[SourceVersion "1"]
[SourceVersionDate "2021.10.06"]
[SourceQuality "1"]

1. e4 e5 2. Nf3 Nc6 3. Bc4 Bc5 4. 0-0 h6 5. c3 Nf6 6. Re1 d6 7. d4 Bb6 8. dxe5 dxe5 9. Qxd8+ Nxd8 10. Nxe5 0-0 11. Nf3 Be6 12. Bxe6 Nxe6 13. h3 Rad8 14. Bd2 Nc5 15. e5 Nh7 16. b3 Nd3 17. Re2 Bxf2+ 18. Rxf2 Nxf2 19. Kxf2 Rfe8 20. c4 Nf8 21. Bc3 Ne6 22. Nbd2 Nf4 23. Re1 Nd3+ 24. Kf1 Nxe1 25. Kxe1 b6 26. Kf2 c5 27. Ne1 Re6 28. Nef3 Rde8 29. Ne4 f5 30. Nd6 Rf8 31. Ke3 f4+ 32. Ke4 g5 33. Kd5 Re7 1/2-1/2